01328cam a2200301Ia 4500001000700000003000600007005001700013008004100030010001700071020003600088020003900124035002300163035005600186040008200242050002000324082001800344130005200362245030600414260004200720300006800762336002600830337002800856338002700884630003100911630003700942650001100979700003600990455787GBCCL20241126110341.0021224t19781976iluaf 000 0 eng d a 76020615  a080247425Xq(cloth, red letter) a9780802474254q(cloth, red letter) a(OCoLC)ocm51273693 a(OCoLC)51273693z(OCoLC)731271664z(OCoLC)795372909 aSFRbengcSFRdBAKERdOCLCGdGGBdTXBXLdOCLCOdOCLCQdOCLCFdYDXdOCLCQdLBB14aBS195.N35b197804a220.5204bRYR0 aBible.lEnglish.sNew American Standard.f1978.14aThe Ryrie study Bible :bNew American standard translation : with introductions, annotations, outlines, marginal references, harmony of the Gospels, synopsis of Bible doctrine, index of scriptures, index to notes, concordance, maps, and timeline charts, and many other helps /cCharles Caldwell Ryrie. aChicago :bMoody Press,c1978, 1976. axii, 2100 pages, [8] leaves of plates :billustrations ;c24 cm atextbtxt2rdacontent aunmediatedbn2rdamedia avolumebnc2rdacarrier00aBiblevReference editions.07aBible.2fast0(OCoLC)fst01356024 4aBible.1 aRyrie, Charles Caldwell,d1925-